000 00400nam a2200169Ia 4500
001 25094
005 20260414151127.0
008 260414t2021||||xx |||||||||||||| ||spa||
041 _aESP
082 _a346.2
_bD84
245 0 _aLos procesos de familia en sus documentos
_b
260 _c2021
300 _a446 páginas :
_c25 cm.
650 _aDER
654 _aCDE
942 _cLIB
_dJUS
_fJUS
_2ddc
_n
999 _c25094
_d25094